000 00437nam a2200181 a 4500
001 1757242679490
003 ACL
005 20250907162940.0
008 250907s2009##################000#0#eng##
020 _a9780810869370
082 0 4 _a782.421640973
_bHIS
100 1 _aHischak, Thomas S.,
_eauthor.
245 1 0 _aThe Disney Song Encyclopedia :
260 _c2009.
650 0 _aMusic.
942 _cENGLISH
040 _aACL
_beng
_cACL
999 _c585735
_d585735